000 00545nam a2200193 a 4500
001 000027156
005 20240316073904.0
008 110330s1963 dr 000 d spa d
040 _aDO-SdBNP
_bspa
_cBNPHU
082 _axxx
_bv443c
100 1 _aVeloz Maggiolo, Marcio,
_d1936-2021
_91104
245 1 0 _aCreonte ; seis relatos /
_cMarcio Veloz Maggiolo.
260 _aSanto Domingo :
_bEditorial La Nación,
_c1963.
300 _a113 p. ;
_c22 cm.
490 1 _aArquero
740 0 _aSeis relatos
830 0 _aArquero
_922890
049 _aBNPD
999 _c26648
_d26648